| 000 | 00883nam a22002651i 4500 | ||
|---|---|---|---|
| 001 | 4539738 | ||
| 003 | EG-ScBUE | ||
| 005 | 20250629093614.0 | ||
| 008 | 700928t1968 nyua f b 001 0 eng d | ||
| 040 |
_aEG-ScBUE _beng _erda _cEG-ScBUE _dEG-ScBUE |
||
| 082 | 0 | 4 |
_a537.1 _222 _bCOW |
| 100 | 1 |
_aCowan, Eugene W., _97022 _eauthor. |
|
| 245 | 1 | 0 |
_aBasic electromagnetism / _cEugene W. Cowan, Department of Physics, California Institute of Technology. |
| 264 | 1 |
_aNew York : _bAcademic Press, _c[1968] |
|
| 264 | 4 | _cc1968 | |
| 300 |
_axi, 476 pages : _billustrations ; _c24 cm |
||
| 336 |
_2rdacontent _atext _btxt |
||
| 337 |
_aunmediated _2rdamedia _bn |
||
| 338 |
_avolume _bnc _2rdacarrier |
||
| 500 | _aIncludes Appendices. | ||
| 504 | _aIncludes bibliographical references and index. | ||
| 650 | 7 |
_aElectromagnetism. _97023 _2BUEsh |
|
| 655 | _vReading book | ||
| 942 |
_2ddc _cBB |
||
| 999 |
_c12056 _d12056 |
||